[Event "Oceania zt 3.6 (Women)"]
[Site "Melbourne"]
[Date "2023.01.26"]
[Round "6"]
[White "Ryjanova, Julia"]
[Black "Middleton, Jody"]
[Result "1-0"]
[WhiteElo "2288"]
[BlackElo "1748"]
[PlyCount "79"]
[EventDate "2023.01.09"]
[EventType "swiss"]
[EventRounds "9"]
[EventCountry "AUS"]
[SourceTitle "CBM 212 Extra"]
[Source "ChessBase"]
[SourceDate "2023.03.31"]
[SourceVersion "1"]
[SourceVersionDate "2023.03.31"]
[SourceQuality "1"]

1. d4 d5 2. c4 c6 3. Nf3 Nf6 4. Qc2 dxc4 5. Qxc4 Bf5 6. g3 e6 7. Bg2 Nbd7 8. 0-0 Be7 9. Qb3 Nb6 10. Nc3 0-0 11. a4 Qc8 12. Nd2 Rd8 13. e4 Bg6 14. a5 Nbd7 15. Nc4 Bh5 16. h3 Nf8 17. Be3 h6 18. Rac1 g5 19. Ne5 N6d7 20. Nd3 Kg7 21. f4 Qc7 22. Qa2 f6 23. b4 Bf7 24. Qf2 Nh7 25. d5 Rf8 26. Nb5 Qd8 27. dxc6 bxc6 28. Nxa7 c5 29. Nc6 Qe8 30. Nxe7 Qxe7 31. Nxc5 Rfb8 32. Nxd7 Qxd7 33. e5 f5 34. Rfd1 Qb5 35. Rc7 Qxb4 36. Rdd7 Rf8 37. Bxa8 Qxa5 38. Bf3 Kg8 39. Bh5 Rb8 40. Bxf7+ 1-0

[Event "Online Olym Div Top-A"]
[Site "Chess.com INT"]
[Date "2021.09.09"]
[Round "5.2"]
[White "Ryjanova, Julia"]
[Black "Peptan, Corina Isabela"]
[Result "0-1"]
[WhiteElo "2296"]
[BlackElo "2385"]
[PlyCount "144"]
[EventDate "2021.09.08"]
[EventType "team (rapid)"]
[EventRounds "9"]
[EventCountry "USA"]
[SourceTitle "CBM 204 Extra"]
[Source "ChessBase"]
[SourceDate "2021.11.30"]
[SourceVersion "1"]
[SourceVersionDate "2021.11.30"]
[SourceQuality "1"]
[WhiteTeam "Australia"]
[BlackTeam "Romania"]
[WhiteTeamCountry "AUS"]
[BlackTeamCountry "ROU"]

1. d4 Nf6 2. c4 e6 3. Nc3 Bb4 4. e3 c5 5. Nf3 d5 6. Bd2 cxd4 7. exd4 0-0 8. cxd5 Nxd5 9. Bd3 Nc6 10. 0-0 Be7 11. a3 Nxc3 12. Bxc3 Bf6 13. Ne5 Ne7 14. Qf3 Nd5 15. Bd2 b6 16. Qh3 g6 17. Bh6 Bg7 18. Rad1 Bxh6 19. Qxh6 Qf6 20. g3 Qg7 21. Qh4 Bb7 22. Rfe1 Rad8 23. Be4 f6 24. Nd3 Rfe8 25. Bg2 Rd7 26. Qh3 Rde7 27. Qh4 Rd8 28. Qh3 Rde8 29. Bf1 g5 30. Qg4 Qg6 31. Nc1 h5 32. Qe2 Nc7 33. Bg2 Bxg2 34. Kxg2 Nd5 35. Qd3 Qxd3 36. Nxd3 Rc7 37. Rc1 Kf7 38. f3 Rec8 39. Rxc7+ Rxc7 40. Rc1 Rd7 41. Kf2 Ne7 42. Nb4 Rxd4 43. Ke2 Rd7 44. Rc2 e5 45. Na2 Ke6 46. Nc3 Nf5 47. Kf2 Nd4 48. Rd2 Rc7 49. Rd1 a6 50. Rh1 Nf5 51. Rd1 Nd6 52. Rd2 Nc4 53. Re2 b5 54. Nd1 Rd7 55. Nc3 Rd3 56. Ne4 Rd5 57. f4 gxf4 58. gxf4 Nd6 59. Ng3 h4 60. Nh5 Rd4 61. fxe5 fxe5 62. Kg2 Nf5 63. Kh3 Rc4 64. Kg2 Rg4+ 65. Kf3 Rg5 66. Nf4+ Kd6 67. Rd2+ Nd4+ 68. Ke4 Rg4 69. Rf2 Ne6 70. Rd2+ Ke7 71. Kxe5 Rxf4 72. Rd6 Re4+ 0-1

[Event "Asia Nations online Cup (Women)"]
[Site "Chess.com INT"]
[Date "2020.10.19"]
[Round "9.7"]
[White "Chua, Jia Tien"]
[Black "Ryjanova, Julia"]
[Result "0-1"]
[WhiteElo "1822"]
[BlackElo "2299"]
[PlyCount "96"]
[EventDate "2020.10.11"]
[EventType "team-swiss (rapid)"]
[EventRounds "9"]
[EventCountry "IND"]
[SourceTitle "CBM 198 Extra"]
[Source "ChessBase"]
[SourceDate "2020.11.30"]
[SourceVersion "1"]
[SourceVersionDate "2020.11.30"]
[SourceQuality "1"]
[WhiteTeam "Malaysia (W)"]
[BlackTeam "Australia (W)"]
[WhiteTeamCountry "MAS"]
[BlackTeamCountry "AUS"]

1. e4 c6 2. d4 d5 3. exd5 cxd5 4. Bd3 Nf6 5. c3 Bg4 6. Nf3 Qc7 7. Bg5 Nc6 8. Nbd2 e6 9. 0-0 Bd6 10. Qa4 Nd7 11. Rfe1 0-0 12. Bh4 Bh5 13. Bg3 a6 14. Qc2 Bg6 15. Bxg6 hxg6 16. Qd3 Bxg3 17. hxg3 b5 18. Nb3 Qd6 19. a3 Rab8 20. Qe3 Rfe8 21. Nc5 Nxc5 22. dxc5 Qc7 23. b4 Rbd8 24. Nd4 e5 25. Nxc6 Qxc6 26. Rad1 f6 27. Qd3 Kf7 28. f4 e4 29. Qd4 Rh8 30. Kf2 Qe6 31. Rh1 Rh5 32. Rxh5 gxh5 33. Ra1 Qf5 34. a4 h4 35. axb5 axb5 36. Ra7+ Kg6 37. Qe3 Qg4 38. gxh4 Qxh4+ 39. Kg1 Rh8 40. Ra5 Qh1+ 41. Kf2 Qd1 42. Rxb5 Rh1 43. Qe2 Qg1+ 44. Kg3 Qh2+ 45. Kf2 Qxf4+ 46. Qf3 exf3 47. gxf3 Rh2+ 48. Ke1 Qe3+ 0-1

[Event "Asia Nations online Cup (Women)"]
[Site "Chess.com INT"]
[Date "2020.10.11"]
[Round "2.4"]
[White "Ryjanova, Julia"]
[Black "Gong, Qianyun"]
[Result "1/2-1/2"]
[WhiteElo "2299"]
[BlackElo "2333"]
[PlyCount "75"]
[EventDate "2020.10.11"]
[EventType "team-swiss (rapid)"]
[EventRounds "9"]
[EventCountry "IND"]
[SourceTitle "CBM 198 Extra"]
[Source "ChessBase"]
[SourceDate "2020.11.30"]
[SourceVersion "1"]
[SourceVersionDate "2020.11.30"]
[SourceQuality "1"]
[WhiteTeam "Australia (W)"]
[BlackTeam "Singapore (W)"]
[WhiteTeamCountry "AUS"]
[BlackTeamCountry "SIN"]

1. d4 Nf6 2. Nf3 g6 3. g3 b6 4. Bg2 Bb7 5. c4 Bg7 6. 0-0 0-0 7. d5 d6 8. Nc3 Nbd7 9. Nd4 a5 10. b3 Nc5 11. a3 Qd7 12. Bb2 e5 13. Nc6 Ne8 14. b4 axb4 15. axb4 Na6 16. Na4 f5 17. b5 Nc5 18. Nxc5 bxc5 19. Rxa8 Bxa8 20. Qa1 Bb7 21. Qa7 Bc8 22. b6 cxb6 23. Ne7+ Kh8 24. Nxc8 Qxc8 25. Qxb6 e4 26. Bxg7+ Kxg7 27. Ra1 Rf7 28. f3 exf3 29. Bxf3 Rb7 30. Qc6 Rc7 31. Qb6 Rb7 32. Qc6 Qb8 33. Kg2 Nf6 34. Ra6 Ne8 35. Qa4 Nf6 36. Qc6 Ne8 37. Qa4 Nf6 38. Qc6 1/2-1/2

[Event "Online Olym Div2 A"]
[Site "Chess.com INT"]
[Date "2020.08.15"]
[Round "5.3"]
[White "Ryjanova, Julia"]
[Black "Ovezdurdiyeva, Jemal"]
[Result "1/2-1/2"]
[WhiteElo "2300"]
[BlackElo "2061"]
[PlyCount "257"]
[EventDate "2020.08.14"]
[EventType "team-tourn (rapid)"]
[EventRounds "9"]
[EventCountry "USA"]
[SourceTitle "CBM 198"]
[Source "ChessBase"]
[SourceDate "2020.10.31"]
[SourceVersion "1"]
[SourceVersionDate "2020.10.31"]
[SourceQuality "1"]
[WhiteTeam "Australia"]
[BlackTeam "Turkmenistan"]
[WhiteTeamCountry "AUS"]
[BlackTeamCountry "TKM"]

1. d4 Nf6 2. c4 g6 3. Nf3 Bg7 4. g3 d6 5. Bg2 0-0 6. 0-0 Nc6 7. Nc3 e5 8. dxe5 dxe5 9. Bg5 Qe8 10. Rc1 h6 11. Be3 Qd8 12. h3 Be6 13. Qa4 Qe7 14. Rfd1 Rfd8 15. a3 Qe8 16. Nd2 Nd4 17. Qxe8+ Nxe8 18. b4 Rab8 19. Kf1 Nd6 20. Bxd4 exd4 21. Nce4 b6 22. Nxd6 Rxd6 23. Ne4 Rdd8 24. c5 f5 25. Nd2 d3 26. exd3 Rxd3 27. Nf3 Rxa3 28. cxb6 cxb6 29. Nd4 Bxd4 30. Rxd4 Re8 31. Kg1 Kf7 32. Rc7+ Re7 33. Rc6 Ra1+ 34. Kh2 Ra2 35. Kg1 Kg7 36. Rcd6 Bf7 37. Rd2 Rxd2 38. Rxd2 Kf6 39. Rd6+ Be6 40. Bf1 Rc7 41. Kg2 Ke5 42. Rd8 Bd5+ 43. Kh2 Be4 44. Bg2 Rc4 45. Rd7 a6 46. Re7+ Kf6 47. Ra7 Rxb4 48. Rxa6 Rb2 49. Bxe4 fxe4 50. Kg1 Ke5 51. Ra8 b5 52. Rb8 b4 53. Kf1 b3 54. Rb4 Kd5 55. Rb6 Rb1+ 56. Kg2 b2 57. g4 Ke5 58. Rb8 Kf4 59. Rf8+ Kg5 60. Rb8 Kf4 61. Rf8+ Ke5 62. Rb8 Kd4 63. Rd8+ Kc3 64. Rc8+ Kd3 65. Rb8 Kd2 66. Rb6 Ke1 67. Rb4 Kd2 68. Rb6 h5 69. gxh5 gxh5 70. Rb8 Ke2 71. Rb3 Kd1 72. Rb8 Kd2 73. Rb7 Kd3 74. Rb8 Kd4 75. Rd8+ Ke5 76. Rb8 Kd5 77. Rd8+ Kc5 78. Rb8 Kd6 79. Rb3 Kc6 80. Rb8 Kc7 81. Rb3 Kd6 82. Rb8 Ke5 83. Re8+ Kf4 84. Rf8+ Kg5 85. Rb8 Kh4 86. Rb4 Kg5 87. Rb5+ Kf6 88. Rb8 h4 89. Rb5 Ke6 90. Rb8 Kd5 91. Rd8+ Kc5 92. Rc8+ Kd4 93. Rb8 Kd3 94. Rb7 Kc3 95. Rc7+ Kd2 96. Rb7 Ke1 97. Rb4 Kd1 98. Rb8 Kd2 99. Rb7 Ke2 100. Rb3 Kd2 101. Rb8 Kd3 102. Rb7 Kd2 103. Rb8 Ke2 104. Rb3 Rd1 105. Rxb2+ Rd2 106. Rb3 Ke1 107. Rb1+ Rd1 108. Rb4 e3 109. fxe3 Ke2 110. e4 Rd7 111. e5 Rg7+ 112. Rg4 Re7 113. Rg5 Ke3 114. Rh5 Rg7+ 115. Kh2 Kf4 116. Rxh4+ Kxe5 117. Rg4 Rxg4 118. hxg4 Kf4 119. Kh3 Kg5 120. Kg3 Kg6 121. Kf4 Kf6 122. g5+ Kg6 123. Kg4 Kg7 124. Kf5 Kf7 125. g6+ Kg7 126. Kg5 Kg8 127. Kh6 Kh8 128. g7+ Kg8 129. Kg6 1/2-1/2

[Event "Australian op"]
[Site "Melbourne"]
[Date "2018.12.31"]
[Round "9"]
[White "Ikeda, Junta"]
[Black "Ryjanova, Julia"]
[Result "1-0"]
[WhiteElo "2421"]
[BlackElo "2308"]
[PlyCount "91"]
[EventDate "2018.12.27"]
[EventType "swiss"]
[EventRounds "9"]
[EventCountry "AUS"]
[SourceTitle "CBM 188 Extra"]
[Source "ChessBase"]
[SourceDate "2019.02.26"]
[SourceVersion "1"]
[SourceVersionDate "2019.02.26"]
[SourceQuality "1"]

1. Nf3 Nf6 2. g3 b6 3. Bg2 Bb7 4. c4 c5 5. Nc3 g6 6. d4 cxd4 7. Qxd4 Nc6 8. Qf4 Bg7 9. 0-0 Rc8 10. Rb1 d6 11. b3 0-0 12. Qh4 Nb8 13. Be3 a6 14. Rbc1 Nbd7 15. Bh3 Rc7 16. g4 h5 17. gxh5 gxh5 18. Nd4 e6 19. f3 Ne5 20. Qg3 Kh7 21. Bg2 Rg8 22. Bg5 Bh6 23. h4 Rc5 24. f4 Bxg2 25. Kxg2 Neg4 26. Qd3+ Kh8 27. Nf3 Qc7 28. Kh3 Ne8 29. Ne4 Rf5 30. Ng3 Rxf4 31. Nxh5 Rf5 32. Kxg4 f6 33. Ng3 fxg5 34. hxg5 Rfxg5+ 35. Nxg5 Rxg5+ 36. Kh3 Qg7 37. Rf3 Rg6 38. Rcf1 Nf6 39. Qxd6 Bg5 40. Rh1 Bh4 41. Qb8+ Kh7 42. Kg2 Rh6 43. Qf4 Bg5 44. Rxh6+ Kxh6 45. Qe5 Qe7 46. Nf5+ 1-0

[Event "Olympiad Women-43"]
[Site "Batumi"]
[Date "2018.10.01"]
[Round "7.22"]
[White "Ryjanova, Julia"]
[Black "Vega Gutierrez, Sabrina Neide"]
[Result "1/2-1/2"]
[WhiteElo "2330"]
[BlackElo "2404"]
[PlyCount "46"]
[EventDate "2018.09.24"]
[EventType "team-swiss"]
[EventRounds "11"]
[EventCountry "GEO"]
[SourceTitle "EXT 2020"]
[Source "ChessBase"]
[SourceDate "2019.10.17"]
[SourceVersion "1"]
[SourceVersionDate "2019.10.17"]
[SourceQuality "1"]
[WhiteTeam "Australia (W)"]
[BlackTeam "Spain (W)"]
[WhiteTeamCountry "AUS"]
[BlackTeamCountry "ESP"]

1. d4 d5 2. c4 e6 3. Nc3 c6 4. e3 f5 5. g4 Nh6 6. gxf5 Nxf5 7. Bd3 Qf6 8. Qe2 Bd6 9. f4 0-0 10. Nf3 Na6 11. c5 Be7 12. a3 Nc7 13. Bd2 Bd7 14. 0-0 Be8 15. Ne5 Qh6 16. Qg2 Bh5 17. Ne2 Bxe2 18. Qxe2 Kh8 19. Rf2 Ne8 20. Rg2 Nh4 21. Rg3 Nf5 22. Rg2 Nh4 23. Rg3 Nf5 1/2-1/2

[Event "Australian Masters (Women)"]
[Site "Melbourne"]
[Date "2016.01.20"]
[Round "7"]
[White "Stangl, Anita"]
[Black "Ryjanova, Julia"]
[Result "0-1"]
[WhiteElo "2052"]
[BlackElo "2387"]
[PlyCount "64"]
[EventDate "2016.01.14"]
[EventType "tourn"]
[EventRounds "9"]
[EventCountry "AUS"]
[SourceTitle "CBM 170 Extra"]
[Source "ChessBase"]
[SourceDate "2016.02.25"]
[SourceVersion "1"]
[SourceVersionDate "2016.02.25"]
[SourceQuality "1"]

1. e4 c5 2. Nf3 Nc6 3. d4 cxd4 4. Nxd4 Nf6 5. Nc3 d6 6. Bc4 e6 7. Bb3 a6 8. 0-0 Be7 9. a3 0-0 10. Nde2 b5 11. Ng3 Bb7 12. f4 Na5 13. Ba2 Nc4 14. Qe2 d5 15. f5 d4 16. Nd1 Qb6 17. Nf2 Rac8 18. Bxc4 Rxc4 19. Bg5 Qc6 20. Rac1 Rc8 21. Bxf6 Bxf6 22. Ng4 Bg5 23. Ne5 Qc5 24. Nd3 Qe7 25. f6 Bxf6 26. Qg4 Rxc2 27. Rxc2 Rxc2 28. Nh5 Bg5 29. h4 Be3+ 30. Kh1 f5 31. Qg3 Bxe4 32. Ne1 Rc8 0-1